Regionen statistisches Jahrbuch 1999
Gespeichert in:
| Format: | Buch |
|---|---|
| Sprache: | Deutsch Englisch Französisch |
| Veröffentlicht: |
Luxembourg
MEGRIN GIE
1999
|
| Schlagworte: | |
| Tags: |
Keine Tags, Fügen Sie das erste Tag hinzu!
|
MARC
| LEADER | 00000nam a2200000 4500 | ||
|---|---|---|---|
| 001 | c123741 | ||
| 005 | 20240104115038.4 | ||
| 020 | |a 92-828-8578-X | ||
| 041 | 0 | |a ger | |
| 041 | 0 | |a eng | |
| 041 | 0 | |a fre | |
| 044 | |a LU | ||
| 245 | 1 | 0 | |a Regionen |b statistisches Jahrbuch 1999 |
| 264 | 1 | |a Luxembourg |b MEGRIN GIE |c 1999 | |
| 300 | |a 87 s. |e 1 CD ROM | ||
| 610 | 2 | 0 | |a Európska únia |
| 610 | 2 | 0 | |a Európske spoločenstvá |
| 610 | 2 | 0 | |a údaje štatistické medzinárodné |